[Event "DSJ Weihnachtsturnier U20 2020"]
[Site "https://play.chessbase.com/en/play?room=DSJWeihnachtU20"]
[Date "2020.12.29"]
[Round "4"]
[White "Tham, Minh"]
[Black "Müdder, Melanie"]
[Result "1/2-1/2"]
[Termination "normal"]
[Board "3.3"]
[WhiteElo "1844"]
[BlackElo "1950"]
[WhiteTeam "SC Weisse Dame"]
[BlackTeam "Schachgesellschaft Solingen"]
[PlyCount "98"]
[WhiteFideId "12997323"]
[BlackFideId "12994103"]
[EventRounds "7"]
[EventType "team-swiss"]
[EventDate "2020.12.29"]

1. d4 {[%emt 0:00:03]} Nf6 {[%emt 0:00:05]} 2. c4 {[%emt 0:00:03]} g6 {[%emt
0:00:03]} 3. Nc3 {[%emt 0:00:05]} d5 {[%emt 0:00:03]} 4. Bg5 {[%emt 0:00:31]}
Ne4 {[%emt 0:00:44]} 5. Nxe4 {[%emt 0:00:09]} dxe4 {[%emt 0:00:03]} 6. e3
{[%emt 0:00:49]} Bg7 {[%emt 0:00:08]} 7. Ne2 {[%emt 0:00:09]} c5 {[%emt
0:00:20]} 8. Qd2 {[%emt 0:00:43]} cxd4 {[%emt 0:00:17]} 9. Nxd4 {[%emt
0:00:13]} O-O {[%emt 0:00:38]} 10. Be2 {[%emt 0:00:08]} h6 {[%emt 0:00:20]} 11.
Bh4 {[%emt 0:00:14]} Nc6 {[%emt 0:00:08]} 12. Nxc6 {[%emt 0:01:16]} bxc6 {[%emt
0:00:04]} 13. Qxd8 { [%emt 0:00:13]} Rxd8 {[%emt 0:00:02]} 14. Bxe7 {[%emt
0:00:03]} Rd7 {[%emt 0:00:02]} 15. Ba3 {[%emt 0:00:07]} Rb8 {[%emt 0:00:17]}
16. Rb1 {[%emt 0:01:15]} Bc3+ {[%emt 0:00:19]} 17. Kf1 {[%emt 0:00:10]} Rd2
{[%emt 0:00:21]} 18. f3 { [%emt 0:00:35]} exf3 {[%emt 0:00:55]} 19. gxf3 {[%emt
0:00:12]} Bh3+ {[%emt 0:00:23]} 20. Kf2 {[%emt 0:00:04]} Bf6 {[%emt 0:00:06]}
21. e4 {[%emt 0:00:24]} Bd4+ {[%emt 0:01:00]} 22. Kg3 {[%emt 0:00:22]} Rxe2
{[%emt 0:00:04]} 23. Kxh3 { [%emt 0:00:01]} Be5 {[%emt 0:00:30]} 24. Bc5 {[%emt
0:01:08]} Rbxb2 {[%emt 0:00:23]} 25. Rxb2 {[%emt 0:00:05]} Rxb2 {[%emt
0:00:02]} 26. Bxa7 {[%emt 0:00:04]} Rxa2 {[%emt 0:00:03]} 27. Bb6 {[%emt
0:00:04]} h5 {[%emt 0:00:26]} 28. Be3 {[%emt 0:01:01]} Re2 {[%emt 0:00:36]} 29.
Bc1 {[%emt 0:00:14]} Rf2 {[%emt 0:00:11]} 30. f4 {[%emt 0:00:18]} Bxf4 {[%emt
0:00:09]} 31. Bxf4 {[%emt 0:00:00]} Rxf4 {[%emt 0:00:01]} 32. Re1 {[%emt
0:00:01]} Rg4 {[%emt 0:00:23]} 33. c5 { [%emt 0:00:03]} Kf8 {[%emt 0:00:08]}
34. e5 {[%emt 0:00:02]} Ke7 {[%emt 0:00:02]} 35. Re3 {[%emt 0:00:03]} Ke6
{[%emt 0:00:06]} 36. Rf3 {[%emt 0:00:07]} Kxe5 {[%emt 0:00:10]} 37. Rxf7 {[%emt
0:00:01]} Kd5 {[%emt 0:00:03]} 38. Rd7+ { [%emt 0:00:03]} Kxc5 {[%emt 0:00:02]}
39. Rd8 {[%emt 0:00:01]} Kc4 {[%emt 0:00:07]} 40. Rc8 {[%emt 0:00:01]} c5
{[%emt 0:00:02]} 41. Rxc5+ {[%emt 0:00:02] WeisseD1-003 offers a draw} Kd3
{[%emt 0:00:30]} 42. Rc3+ {[%emt 0:00:05]} Ke2 {[%emt 0:00:09]} 43. Re3+ {[%emt
0:00:03]} Kf2 {[%emt 0:00:06]} 44. Rf3+ { [%emt 0:00:04]} Ke1 {[%emt 0:00:42]}
45. Re3+ {[%emt 0:00:01]} Kd2 {[%emt 0:00:09]} 46. Rd3+ {[%emt 0:00:01]} Kc2
{[%emt 0:00:05]} 47. Rc3+ {[%emt 0:00:01]} Kb2 {[%emt 0:00:01]} 48. Rb3+ {[%emt
0:00:01]} Ka2 {[%emt 0:00:02]} 49. Ra3+ { [%emt 0:00:01]} Kxa3 {[%emt 0:00:01]}
1/2-1/2

[Event "DSJ Weihnachtsturnier U20 2020"]
[Site "https://play.chessbase.com/en/play?room=DSJWeihnachtU20"]
[Date "2020.12.29"]
[Round "4"]
[White "Sereda, Yaroslava"]
[Black "Lutz, Sebastian"]
[Result "1-0"]
[Termination "time forfeit"]
[Board "3.4"]
[WhiteElo "1750"]
[BlackElo "1541"]
[WhiteTeam "Schachgesellschaft Solingen"]
[BlackTeam "SC Weisse Dame"]
[PlyCount "83"]
[WhiteFideId "14178940"]
[BlackFideId "16278674"]
[EventRounds "7"]
[EventType "team-swiss"]
[EventDate "2020.12.29"]

1. e4 {[%emt 0:00:32]} c5 {[%emt 0:00:03]} 2. Nf3 {[%emt 0:00:05]} d6 {[%emt
0:00:01]} 3. d4 {[%emt 0:00:05]} cxd4 {[%emt 0:00:00]} 4. Nxd4 {[%emt 0:00:01]}
Nf6 {[%emt 0:00:01]} 5. Nc3 {[%emt 0:00:02]} g6 {[%emt 0:00:01]} 6. g3 { [%emt
0:00:08]} Bg7 {[%emt 0:00:03]} 7. Bg2 {[%emt 0:00:12]} O-O {[%emt 0:00:03]} 8.
O-O {[%emt 0:00:06]} Nc6 {[%emt 0:00:02]} 9. Nb3 {[%emt 0:00:39]} Be6 { [%emt
0:00:40]} 10. Be3 {[%emt 0:00:53]} Bc4 {[%emt 0:00:35]} 11. Re1 {[%emt
0:00:14]} Ne5 {[%emt 0:00:25]} 12. Kh1 {[%emt 0:00:39]} a6 {[%emt 0:00:14]} 13.
f4 {[%emt 0:00:23]} Nc6 {[%emt 0:00:16]} 14. Bf3 {[%emt 0:00:21]} h5 {[%emt
0:01:10]} 15. Nd5 {[%emt 0:00:17]} Nxd5 {[%emt 0:00:38]} 16. exd5 {[%emt
0:00:11] } Nb8 {[%emt 0:00:20]} 17. c3 {[%emt 0:00:08]} Nd7 {[%emt 0:00:09]}
18. Bd4 { [%emt 0:00:14]} Nf6 {[%emt 0:00:14]} 19. f5 {[%emt 0:00:34]} Qd7
{[%emt 0:00:38]} 20. fxg6 {[%emt 0:00:06]} fxg6 {[%emt 0:00:00]} 21. Bxf6
{[%emt 0:00:15]} Rxf6 {[%emt 0:00:14]} 22. Nd4 {[%emt 0:00:07]} Raf8 {[%emt
0:00:55]} 23. Bg2 { [%emt 0:00:27]} Bh6 {[%emt 0:00:49]} 24. Ne6 {[%emt
0:00:16]} R8f7 {[%emt 0:00:07]} 25. Qd4 {[%emt 0:00:08]} Qb5 {[%emt 0:00:28]}
26. b3 {[%emt 0:00:35]} Bf1 {[%emt 0:00:06]} 27. Be4 {[%emt 0:00:51]} Kh7
{[%emt 0:01:05]} 28. c4 {[%emt 0:00:04]} Qb4 {[%emt 0:00:09]} 29. Nf4 {[%emt
0:01:21]} Bxf4 {[%emt 0:00:19]} 30. gxf4 {[%emt 0:00:22]} Rxf4 {[%emt 0:00:01]}
31. Qe3 {[%emt 0:00:26]} Rf2 { [%emt 0:00:36]} 32. Qg3 {[%emt 0:00:08]} R7f6
{[%emt 0:00:13]} 33. Qh4 { [%emt 0:00:07]} Kg7 {[%emt 0:00:12]} 34. Rad1 {[%emt
0:00:05]} Qc3 {[%emt 0:00:05]} 35. Rc1 {[%emt 0:00:04]} Qd2 {[%emt 0:00:03]}
36. Bxg6 {[%emt 0:00:02] .} Bg2+ {[%emt 0:00:18] '} 37. Kg1 {[%emt 0:00:02]}
Rf1+ {[%emt 0:00:01]} 38. Rxf1 {[%emt 0:00:02]} Rxf1+ {[%emt 0:00:00]} 39. Rxf1
{[%emt 0:00:02]} Bxf1 { [%emt 0:00:01]} 40. Kxf1 {[%emt 0:00:01]} Qd3+ {[%emt
0:00:01]} 41. Bxd3 { [%emt 0:00:03]} Kh6 {[%emt 0:00:02]} 42. Qf4+ {[%emt
0:00:02] TimeB} 1-0

[Event "DSJ Weihnachtsturnier U20 2020"]
[Site "https://play.chessbase.com/en/play?room=DSJWeihnachtU20"]
[Date "2020.12.29"]
[Round "4"]
[White "Goldbeck, Lars"]
[Black "Engel, Luis"]
[Result "0-1"]
[Termination "normal"]
[Board "4.1"]
[WhiteTitle "FM"]
[BlackTitle "GM"]
[WhiteElo "2235"]
[BlackElo "2553"]
[WhiteTeam "SC Bavaria Regensburg von 1881"]
[BlackTeam "Hamburger SK von 1830"]
[PlyCount "86"]
[WhiteFideId "16208188"]
[BlackFideId "12961523"]
[EventRounds "7"]
[EventType "team-swiss"]
[EventDate "2020.12.29"]

1. d4 {[%emt 0:00:09]} Nf6 {[%emt 0:00:02]} 2. c4 {[%emt 0:00:01]} e6 {[%emt
0:00:02]} 3. Nc3 {[%emt 0:00:02]} Bb4 {[%emt 0:00:02]} 4. f3 {[%emt 0:00:01]}
c5 {[%emt 0:00:11]} 5. d5 {[%emt 0:00:02]} O-O {[%emt 0:00:01]} 6. e4 {[%emt
0:00:02]} b5 {[%emt 0:00:01]} 7. Nh3 {[%emt 0:00:02]} bxc4 {[%emt 0:00:03]} 8.
Bxc4 {[%emt 0:00:00]} exd5 {[%emt 0:00:01]} 9. Bxd5 {[%emt 0:00:01]} Nxd5
{[%emt 0:00:01]} 10. Qxd5 {[%emt 0:00:00]} Ba6 {[%emt 0:00:07]} 11. Bf4 {[%emt
0:00:06]} Nc6 {[%emt 0:00:06]} 12. Kf2 {[%emt 0:00:03]} Ba5 {[%emt 0:00:13]}
13. Rhd1 { [%emt 0:00:07]} Nb4 {[%emt 0:00:32]} 14. Qd6 {[%emt 0:00:15]} c4
{[%emt 0:00:28]} 15. Bg5 {[%emt 0:02:36]} Qb6+ {[%emt 0:00:41]} 16. Be3 {[%emt
0:00:07]} Nd3+ {[%emt 0:00:48]} 17. Qxd3 {[%emt 0:01:07]} Qxb2+ {[%emt
0:00:40]} 18. Qe2 {[%emt 0:01:42]} Qxc3 {[%emt 0:01:15]} 19. Rac1 {[%emt
0:00:05]} Qf6 {[%emt 0:00:14]} 20. Rd5 {[%emt 0:00:47]} Bb6 {[%emt 0:00:22]}
21. Bxb6 {[%emt 0:00:54]} axb6 {[%emt 0:00:12]} 22. Qd2 {[%emt 0:00:26]} b5
{[%emt 0:00:45]} 23. Nf4 { [%emt 0:00:31]} b4 {[%emt 0:00:21]} 24. Nh5 {[%emt
0:00:35]} Qb6+ {[%emt 0:00:20]} 25. Kg3 {[%emt 0:00:06]} c3 {[%emt 0:00:14]}
26. Qf4 {[%emt 0:00:08]} Bc4 {[%emt 0:00:57]} 27. Rg5 {[%emt 0:00:05]} g6
{[%emt 0:00:23]} 28. Nf6+ { [%emt 0:00:02]} Kh8 {[%emt 0:00:13]} 29. Nxd7
{[%emt 0:00:19]} Qe6 {[%emt 0:00:06]} 30. Nxf8 {[%emt 0:00:05]} Rxf8 {[%emt
0:00:00]} 31. Qe5+ {[%emt 0:00:14]} Qxe5+ {[%emt 0:00:02]} 32. Rxe5 {[%emt
0:00:00] Regensb1-001 offers a draw} Ra8 {[%emt 0:00:20]} 33. Rc5 {[%emt
0:00:01]} Bxa2 {[%emt 0:00:10]} 34. Rb5 { [%emt 0:00:09]} Ra4 {[%emt 0:00:02]}
35. Kf4 {[%emt 0:00:11]} Bc4 {[%emt 0:00:04]} 36. Rb8+ {[%emt 0:00:03]} Kg7
{[%emt 0:00:01]} 37. Ke3 {[%emt 0:00:01]} Be6 {[%emt 0:00:09]} 38. Kd4 {[%emt
0:00:03]} c2 {[%emt 0:00:06]} 39. Kc5 { [%emt 0:00:04]} b3 {[%emt 0:00:02]} 40.
Rb6 {[%emt 0:00:04]} Ra2 {[%emt 0:00:04]} 41. f4 {[%emt 0:00:02]} b2 {[%emt
0:00:05]} 42. Rxc2 {[%emt 0:00:01]} b1=Q {[%emt 0:00:01]} 43. Rxb1 {[%emt
0:00:03]} Rxc2+ {[%emt 0:00:01]} 0-1

[Event "DSJ Weihnachtsturnier U20 2020"]
[Site "https://play.chessbase.com/en/play?room=DSJWeihnachtU20"]
[Date "2020.12.29"]
[Round "4"]
[White "Woelk, Tom-Frederic"]
[Black "Arnhold, Steffi"]
[Result "1-0"]
[Termination "normal"]
[Board "4.2"]
[WhiteElo "2245"]
[BlackElo "2031"]
[WhiteTeam "Hamburger SK von 1830"]
[BlackTeam "SC Bavaria Regensburg von 1881"]
[PlyCount "119"]
[WhiteFideId "12993077"]
[BlackFideId "12931365"]
[EventRounds "7"]
[EventType "team-swiss"]
[EventDate "2020.12.29"]

1. d4 {[%emt 0:00:31]} Nf6 {[%emt 0:00:09]} 2. c4 {[%emt 0:00:03]} c5 {[%emt
0:00:03]} 3. d5 {[%emt 0:00:01]} b5 {[%emt 0:00:02]} 4. cxb5 {[%emt 0:00:01]}
a6 {[%emt 0:00:01]} 5. bxa6 {[%emt 0:00:01]} Bxa6 {[%emt 0:00:01]} 6. Nc3 {
[%emt 0:00:07]} d6 {[%emt 0:00:01]} 7. e4 {[%emt 0:00:03]} Bxf1 {[%emt 0:00:00]
} 8. Kxf1 {[%emt 0:00:00]} g6 {[%emt 0:00:02]} 9. Nge2 {[%emt 0:00:01]} Bg7 {
[%emt 0:00:01]} 10. g3 {[%emt 0:00:01]} O-O {[%emt 0:00:02]} 11. Kg2 {[%emt
0:00:01]} Nbd7 {[%emt 0:00:01]} 12. a4 {[%emt 0:00:01]} Ra7 {[%emt 0:00:01]}
13. Qc2 {[%emt 0:00:08]} Ra6 {[%emt 0:00:04]} 14. b3 {[%emt 0:00:02]} Qa8
{[%emt 0:00:02]} 15. Bb2 {[%emt 0:00:01]} e6 {[%emt 0:00:05]} 16. Rhd1 {[%emt
0:00:05]} exd5 {[%emt 0:00:17]} 17. Nxd5 {[%emt 0:00:30]} Nxd5 {[%emt 0:00:04]}
18. exd5 {[%emt 0:00:05]} Nf6 {[%emt 0:00:02]} 19. Nc3 {[%emt 0:00:05]} Re8
{[%emt 0:00:03]} 20. Rd2 {[%emt 0:00:31]} Re5 {[%emt 0:00:11]} 21. Rad1 {[%emt
0:00:03]} Rb6 {[%emt 0:00:26]} 22. Kg1 {[%emt 0:00:09]} Re7 {[%emt 0:00:10]}
23. Nb5 { [%emt 0:00:07]} Qe8 {[%emt 0:00:36]} 24. Bc3 {[%emt 0:00:28]} Ne4
{[%emt 0:00:09]} 25. Re2 {[%emt 0:00:40]} Nxc3 {[%emt 0:00:32]} 26. Rxe7 {[%emt
0:00:02]} Qxe7 {[%emt 0:00:03]} 27. Nxc3 {[%emt 0:00:01]} Rb4 {[%emt 0:00:05]}
28. Ne2 { [%emt 0:01:54]} Re4 {[%emt 0:00:10]} 29. Kf1 {[%emt 0:00:06]} h5
{[%emt 0:00:35]} 30. a5 {[%emt 0:00:14]} Rb4 {[%emt 0:00:09]} 31. Nf4 {[%emt
0:01:11]} Qa7 {[%emt 0:00:11]} 32. Re1 {[%emt 0:00:30]} Qxa5 {[%emt 0:00:16]}
33. Nxg6 { [%emt 0:00:02]} fxg6 {[%emt 0:00:37]} 34. Qxg6 {[%emt 0:00:03]} Rb8
{[%emt 0:00:24]} 35. Qxd6 {[%emt 0:00:38]} Rf8 {[%emt 0:00:09]} 36. Qe6+ {[%emt
0:00:12] } Kh8 {[%emt 0:00:04]} 37. d6 {[%emt 0:00:40]} Qd2 {[%emt 0:00:12]}
38. Re2 { [%emt 0:00:15]} Qd1+ {[%emt 0:00:09]} 39. Kg2 {[%emt 0:00:01]} Rf6
{[%emt 0:00:15]} 40. Qe8+ {[%emt 0:00:03]} Kh7 {[%emt 0:00:01]} 41. Qxh5+
{[%emt 0:00:03]} Rh6 {[%emt 0:00:09]} 42. Qf5+ {[%emt 0:00:01]} Rg6 {[%emt
0:00:07]} 43. d7 { [%emt 0:00:29]} Bf6 {[%emt 0:00:31]} 44. Re6 {[%emt
0:00:14]} Qxd7 {[%emt 0:00:08]} 45. Rxf6 {[%emt 0:00:02]} Qxf5 {[%emt 0:00:12]}
46. Rxf5 {[%emt 0:00:00]} Rc6 {[%emt 0:00:02]} 47. h4 {[%emt 0:00:05]} Kg6
{[%emt 0:00:02]} 48. g4 { [%emt 0:00:01]} Rb6 {[%emt 0:00:08]} 49. Rxc5 {[%emt
0:00:02]} Rxb3 {[%emt 0:00:01]} 50. f3 {[%emt 0:00:00]} Rb1 {[%emt 0:00:03]}
51. h5+ {[%emt 0:00:02]} Kh6 {[%emt 0:00:02]} 52. Rc6+ {[%emt 0:00:05]} Kg5
{[%emt 0:00:02]} 53. Kg3 { [%emt 0:00:03]} Rg1+ {[%emt 0:00:06]} 54. Kf2 {[%emt
0:00:01]} Ra1 {[%emt 0:00:05]} 55. Rg6+ {[%emt 0:00:03]} Kf4 {[%emt 0:00:03]}
56. Rf6+ {[%emt 0:00:01]} Kg5 {[%emt 0:00:02]} 57. Rf5+ {[%emt 0:00:01]} Kh6
{[%emt 0:00:01]} 58. Kg3 { [%emt 0:00:01]} Ra4 {[%emt 0:00:03]} 59. Rf6+ {[%emt
0:00:03]} Kg5 {[%emt 0:00:02]} 60. Rg6# {[%emt 0:00:01]} 1-0

[Event "DSJ Weihnachtsturnier U20 2020"]
[Site "https://play.chessbase.com/en/play?room=DSJWeihnachtU20"]
[Date "2020.12.29"]
[Round "4"]
[White "Steinhauer, Artur"]
[Black "Holinka, Henning"]
[Result "0-1"]
[Termination "normal"]
[Board "4.3"]
[WhiteElo "1462"]
[BlackElo "2256"]
[WhiteTeam "SC Bavaria Regensburg von 1881"]
[BlackTeam "Hamburger SK von 1830"]
[PlyCount "82"]
[WhiteFideId "16263596"]
[BlackFideId "12967084"]
[EventRounds "7"]
[EventType "team-swiss"]
[EventDate "2020.12.29"]

1. e4 {[%emt 0:00:04]} g6 {[%emt 0:00:10]} 2. Nf3 {[%emt 0:00:35]} Bg7 { [%emt
0:00:10]} 3. d4 {[%emt 0:00:03]} d6 {[%emt 0:00:03]} 4. Bc4 {[%emt 0:00:05]}
Nf6 {[%emt 0:00:03]} 5. Nc3 {[%emt 0:00:05]} O-O {[%emt 0:00:09]} 6. O-O {
[%emt 0:00:02]} Nc6 {[%emt 0:00:14]} 7. Be3 {[%emt 0:00:08]} Bg4 {[%emt
0:00:12]} 8. h3 {[%emt 0:00:11]} Bxf3 {[%emt 0:00:07]} 9. Qxf3 {[%emt 0:00:00]}
e5 { [%emt 0:00:02]} 10. dxe5 {[%emt 0:02:53]} Nxe5 {[%emt 0:00:05]} 11. Qe2 {
[%emt 0:00:01]} Nxc4 {[%emt 0:00:06]} 12. Qxc4 {[%emt 0:00:00]} Re8 {[%emt
0:00:23]} 13. f3 {[%emt 0:00:06]} d5 {[%emt 0:00:06]} 14. Qb3 {[%emt 0:00:59]}
dxe4 {[%emt 0:00:24]} 15. Rad1 {[%emt 0:00:03]} Qe7 {[%emt 0:00:08]} 16. fxe4 {
[%emt 0:00:31]} c6 {[%emt 0:01:14]} 17. Bd4 {[%emt 0:00:29]} Nh5 {[%emt
0:00:34]} 18. Bxg7 {[%emt 0:00:11]} Kxg7 {[%emt 0:00:15]} 19. Qc4 {[%emt
0:00:01]} Rad8 {[%emt 0:00:16]} 20. Rxd8 {[%emt 0:00:12]} Rxd8 {[%emt 0:00:00]}
21. e5 { [%emt 0:00:06]} Ng3 {[%emt 0:00:23]} 22. Re1 {[%emt 0:00:13]} Nf5
{[%emt 0:00:19]} 23. Qf4 {[%emt 0:00:25]} Rd4 {[%emt 0:00:24]} 24. Ne4 {[%emt
0:00:12]} h5 {[%emt 0:00:46]} 25. c3 {[%emt 0:00:14]} Rd3 {[%emt 0:00:26]} 26.
Ng5 {[%emt 0:00:16]} Rg3 {[%emt 0:01:02]} 27. Nf3 {[%emt 0:00:04]} Qc5+ {[%emt
0:00:19]} 28. Nd4 {[%emt 0:00:10]} Rd3 {[%emt 0:00:29]} 29. Rf1 {[%emt
0:00:07]} Nh6 { [%emt 0:01:35]} 30. Qxf7+ {[%emt 0:00:00]} Nxf7 {[%emt
0:00:02]} 31. e6 { [%emt 0:00:16]} Ng5 {[%emt 0:00:11]} 32. Kh1 {[%emt
0:00:11]} Re3 {[%emt 0:00:09]} 33. e7 {[%emt 0:00:13]} Qxe7 {[%emt 0:00:04]}
34. a4 {[%emt 0:00:03]} Qe4 {[%emt 0:00:09]} 35. Kg1 {[%emt 0:00:01]} Rg3
{[%emt 0:00:02]} 36. Rf2 { [%emt 0:00:01]} Nxh3+ {[%emt 0:00:02]} 37. Kh2
{[%emt 0:00:03]} Nxf2 {[%emt 0:00:02]} 38. Kxg3 {[%emt 0:00:01]} Ng4 {[%emt
0:00:03]} 39. Nf3 {[%emt 0:00:02]} g5 {[%emt 0:00:02]} 40. c4 {[%emt 0:00:01]}
Qf4+ {[%emt 0:00:01]} 41. Kh3 { [%emt 0:00:04]} Nf2# {[%emt 0:00:00]} 0-1

[Event "DSJ Weihnachtsturnier U20 2020"]
[Site "https://play.chessbase.com/en/play?room=DSJWeihnachtU20"]
[Date "2020.12.29"]
[Round "4"]
[White "Engel, Robert"]
[Black "Aumüller, Naum"]
[Result "1-0"]
[Termination "normal"]
[Board "4.4"]
[WhiteElo "2113"]
[BlackElo "1622"]
[WhiteTeam "Hamburger SK von 1830"]
[BlackTeam "SC Bavaria Regensburg von 1881"]
[PlyCount "61"]
[WhiteFideId "12974684"]
[BlackFideId "16263960"]
[EventRounds "7"]
[EventType "team-swiss"]
[EventDate "2020.12.29"]

1. e4 {[%emt 0:00:14]} e5 {[%emt 0:00:13]} 2. Nf3 {[%emt 0:00:03]} Nc6 { [%emt
0:00:02]} 3. Nc3 {[%emt 0:00:08] Regensb1-004 reconnected.} Nf6 {[%emt
0:00:15]} 4. Be2 {[%emt 0:00:01]} Bc5 {[%emt 0:00:04]} 5. Nxe5 {[%emt 0:00:02]}
Nxe5 {[%emt 0:00:02]} 6. d4 {[%emt 0:00:02]} Bxd4 {[%emt 0:00:01]} 7. Qxd4 {
[%emt 0:00:00]} d6 {[%emt 0:00:02]} 8. Be3 {[%emt 0:00:03]} O-O {[%emt 0:00:06]
} 9. f3 {[%emt 0:00:02]} Nc6 {[%emt 0:00:01]} 10. Qd2 {[%emt 0:00:02]} Be6 {
[%emt 0:00:04]} 11. O-O-O {[%emt 0:00:03]} Qe7 {[%emt 0:00:06]} 12. g4 { [%emt
0:00:02]} Rad8 {[%emt 0:00:03]} 13. g5 {[%emt 0:00:02]} Nd7 {[%emt 0:00:03]}
14. f4 {[%emt 0:00:04]} Rfe8 {[%emt 0:00:17]} 15. Rhf1 {[%emt 0:00:30]} f5
{[%emt 0:00:08]} 16. gxf6 {[%emt 0:00:44]} Nxf6 {[%emt 0:00:05]} 17. Bd3 {
[%emt 0:00:24]} d5 {[%emt 0:00:18]} 18. e5 {[%emt 0:00:21]} Ng4 {[%emt 0:00:25]
} 19. f5 {[%emt 0:00:45]} Nxe3 {[%emt 0:00:07]} 20. Qxe3 {[%emt 0:00:14]} d4 {
[%emt 0:00:03]} 21. Qe4 {[%emt 0:00:42]} dxc3 {[%emt 0:00:24]} 22. f6 {[%emt
0:00:25]} cxb2+ {[%emt 0:00:04]} 23. Kb1 {[%emt 0:00:16]} Bxa2+ {[%emt
0:03:50]} 24. Kxa2 {[%emt 0:00:10]} Qf7+ {[%emt 0:00:15]} 25. Bc4 {[%emt
0:00:11]} Re6 { [%emt 0:00:11]} 26. Qxc6 {[%emt 0:01:05]} b1=Q+ {[%emt
0:00:43]} 27. Kxb1 { [%emt 0:00:12]} Rxd1+ {[%emt 0:01:09]} 28. Rxd1 {[%emt
0:00:00]} bxc6 {[%emt 0:00:03]} 29. Rd8+ {[%emt 0:00:04]} Qf8 {[%emt 0:00:02]}
30. Bxe6+ {[%emt 0:00:04]} Kh8 {[%emt 0:00:01]} 31. Rxf8# {[%emt 0:00:02]} 1-0

[Event "DSJ Weihnachtsturnier U20 2020"]
[Site "https://play.chessbase.com/en/play?room=DSJWeihnachtU20"]
[Date "2020.12.29"]
[Round "4"]
[White "Nguyen, Alex Dac-Vuong"]
[Black "Roseneck, Jonas"]
[Result "1-0"]
[Termination "normal"]
[Board "5.1"]
[WhiteTitle "FM"]
[BlackTitle "FM"]
[WhiteElo "2307"]
[BlackElo "2401"]
[WhiteTeam "Schachgemeinschaft Leipzig"]
[BlackTeam "SG Aufbau Elbe Magdeburg"]
[PlyCount "37"]
[WhiteFideId "12984388"]
[BlackFideId "12939870"]
[EventRounds "7"]
[EventType "team-swiss"]
[EventDate "2020.12.29"]

1. e4 {[%emt 0:00:08]} c5 {[%emt 0:00:02]} 2. Nf3 {[%emt 0:00:02]} d6 {[%emt
0:00:04]} 3. d4 {[%emt 0:00:02]} cxd4 {[%emt 0:00:00]} 4. Nxd4 {[%emt 0:00:01]}
Nf6 {[%emt 0:00:00]} 5. f3 {[%emt 0:00:01]} e5 {[%emt 0:00:04]} 6. Nb3 { [%emt
0:00:02]} a5 {[%emt 0:00:01]} 7. Bb5+ {[%emt 0:00:02]} Nbd7 {[%emt 0:00:32]} 8.
Nc3 {[%emt 0:00:14]} Be7 {[%emt 0:00:01]} 9. Be3 {[%emt 0:00:06]} O-O { [%emt
0:00:02]} 10. Qe2 {[%emt 0:00:27]} a4 {[%emt 0:01:06]} 11. Nxa4 {[%emt
0:00:36]} Rxa4 {[%emt 0:00:07]} 12. Bxa4 {[%emt 0:00:05]} d5 {[%emt 0:00:01]}
13. exd5 {[%emt 0:00:23]} Nxd5 {[%emt 0:00:03]} 14. Bd2 {[%emt 0:00:08]} N7b6 {
[%emt 0:02:10]} 15. Bb5 {[%emt 0:00:17]} Bf5 {[%emt 0:00:03]} 16. Bd3 {[%emt
0:00:14]} Qc8 {[%emt 0:00:24]} 17. O-O-O {[%emt 0:00:13]} Be6 {[%emt 0:00:45]}
18. Kb1 {[%emt 0:00:39]} Na4 {[%emt 0:00:06]} 19. Qe4 {[%emt 0:00:13]
Elbe-MD001 gibt auf} 1-0

[Event "DSJ Weihnachtsturnier U20 2020"]
[Site "https://play.chessbase.com/en/play?room=DSJWeihnachtU20"]
[Date "2020.12.29"]
[Round "4"]
[White "Sieber, Fiona"]
[Black "Faßhauer, Jacob"]
[Result "1-0"]
[Termination "normal"]
[Board "5.2"]
[WhiteTitle "WIM"]
[WhiteElo "2275"]
[BlackElo "2127"]
[WhiteTeam "SG Aufbau Elbe Magdeburg"]
[BlackTeam "Schachgemeinschaft Leipzig"]
[PlyCount "51"]
[WhiteFideId "12902373"]
[BlackFideId "12990167"]
[EventRounds "7"]
[EventType "team-swiss"]
[EventDate "2020.12.29"]

1. e4 {[%emt 0:00:42]} c5 {[%emt 0:00:03]} 2. Nf3 {[%emt 0:00:04]} e6 {[%emt
0:00:01]} 3. d4 {[%emt 0:00:02]} cxd4 {[%emt 0:00:00]} 4. Nxd4 {[%emt 0:00:02]}
Nc6 {[%emt 0:00:01]} 5. Nc3 {[%emt 0:00:04]} Qc7 {[%emt 0:00:02]} 6. f4 { [%emt
0:00:04]} Nxd4 {[%emt 0:00:24]} 7. Qxd4 {[%emt 0:00:02]} Nf6 {[%emt 0:00:01]}
8. Be3 {[%emt 0:00:16]} Ng4 {[%emt 0:00:30]} 9. Bg1 {[%emt 0:00:03]} Qxf4
{[%emt 0:00:11]} 10. Be2 {[%emt 0:00:19]} h5 {[%emt 0:00:39]} 11. g3 {[%emt
0:00:20]} Qe5 {[%emt 0:00:19]} 12. Qxe5 {[%emt 0:00:15]} Nxe5 {[%emt 0:00:02]}
13. Nb5 {[%emt 0:00:01]} Kd8 {[%emt 0:00:45]} 14. Bxa7 {[%emt 0:00:05]} d6 {
[%emt 0:01:42]} 15. O-O-O {[%emt 0:00:21]} Bd7 {[%emt 0:00:59]} 16. a4 { [%emt
0:00:57]} Be7 {[%emt 0:01:18]} 17. Bb6+ {[%emt 0:00:13]} Kc8 {[%emt 0:00:01]}
18. a5 {[%emt 0:00:07]} Bxb5 {[%emt 0:00:25]} 19. Bxb5 {[%emt 0:00:03]} Nd7
{[%emt 0:00:02]} 20. Bxd7+ {[%emt 0:00:15]} Kxd7 {[%emt 0:00:01]} 21. Rd3 {
[%emt 0:00:05]} Rhc8 {[%emt 0:00:03]} 22. Rf1 {[%emt 0:00:26]} Bf6 {[%emt
0:00:29]} 23. e5 {[%emt 0:00:18]} Bxe5 {[%emt 0:00:27]} 24. Rxf7+ {[%emt
0:00:03]} Kc6 {[%emt 0:00:05]} 25. c4 {[%emt 0:00:20]} Rf8 {[%emt 0:00:03]} 26.
Rc7# { [%emt 0:00:03]} 1-0